في الأحوال الشخصية / (Record no. 27016)

MARC details
000 -الفاتح
حقل البيانات ثابتة الطول 02976nam a2200397 i 4500
003 - محدد رقم الضبط
رقم الضبط EG-ScBUE
005 - وقت وتاريخ اخر تعامل مع التسجيلة
رقم الضبط 20250924144106.0
008 - عناصر البيانات ثابتة الطول - معلومات عامة
حقل البيانات ثابتة الطول 181119s2025 ua f 000 0 ara d
040 ## - مصدر الفهرسة
وكالة الفهرسة الأصلية EG-ScBUE
لغة الفهرسة ara
قواعد الوصف rda
وكالة النسخ EG-ScBUE
وكالة التعديل EG-ScBUE
043 ## - رمز المنطقة الجغرافية
رمز المنطقة الجغرافية f-ua---
082 04 - رقم تصنيف ديوى العشرى
رقم التصنيف 346.62015
رقم المادة ب ك ر
رقم الطبعة 22
100 1# - المدخل الرئيسى - إسم شخصى
الإسم الشخصى بكري ، محمد عزمي ،
الدور مؤلف
245 10 - بيان العنوان
العنوان في الأحوال الشخصية /
بيان المسئوليه,etc المستشار الدكتور محمد عزمي البكري رئيس محكمة استئناف بني سويف و عضو مجلس رؤساء محاكم الاستئناف سابقا
246 30 - العنوان الموازى
عنوان صحيح/عنوان مختصر الأحوال الشخصية
250 ## - بيان الطبعة
بيان الطبعة طبعة 2025-2026.
260 ## - PUBLICATION, DISTRIBUTION, ETC. (IMPRINT)
تاريخ النشر أو التوزيع [2017]
264 #1 - النشر، التوزيع
مكان الناشر او الموزع القاهرة :
اسم الناشر او الموزع دار محمود للنشر والتوزيع،
تاريخ النشر أو التوزيع 2025.
300 ## - الوصف المادى
التعداد 6 مجلدات ؛
أبعاد الوعاء 24 سم.
336 ## - نوع المحتوى
source rdacontent
Carrier Type Term نص
Content Type Code txt
337 ## - نوع الوسيط
source rdamedia
Media Type Term بدون وسيط
Media Type Code n
338 ## - نوع الحامل أو الناقل
source rdacarrier
Carrier Type Term مجلد
Carrier Type Code nc
490 0# - بيان السلسلة
عنوان السلسلة موسوعة الفقه والقضاء
500 ## - تبصرة عامة
تبصرة عامة يوجد طبعة أخرى من الكتاب.
504 ## - تبصرة ببليوجرافية
تبصرة ببليوجرافية,الخ يشتمل على إرجاعات ببليوجرافية.
505 0# - تبصرة محتويات-الفهرس
تبصرة المحتويات المصاغة المجلد الأول. الخطبة - أركان عقد الزواج - شروط انعقاد الزواج وصحة لزومه ونفاذه - إثبات الزواج - المهر - جهاز مسكن الزوجية -- المجلد الثاني. طاعة الزوجة - الاعتراض على إنذار الطاعة - النفقة الزوجية - منازعات السفر إلى الخارج - نفقة العدة - الحبس في دين النفقة وجريمة هجر العائلة - الحجز على الأجور والمرتبات وفاء لديون النفقة - وفاء بنك ناصر لديون النفقة -- المجلد الثالث. نفقة الصغار - الإرضاع - الحضانة - مسكن الحضانة - رؤية الصغير - نفقة الأقارب - متعة المطلقة - النسب - اللقيط - المفقود -- المجلد الرابع. الطلاق - أسباب التطليق - الخلع - العدة -- المجلد الخامس. صيغ دعاوى الأحوال الشخصية معلقا عليها بالأحكام الموضوعية وإجراءات التقاضي أمام المحاكم -- المجلد السادس. التعليق على قانون إنشاء محاكم الأسرة
650 #7 - المدخل الاضافى بالموضوع-مصطلح موضوعى
مصطلح موضوعي أو اسم جغرافي كعنصر مدخل الأحوال الشخصية
التقسيم الفرعي العام قوانين وتشريعات
التقسيم الفرعي الجغرافي مصر.
مصدر الرأس أو المصطلح BUEsh
650 #7 - المدخل الاضافى بالموضوع-مصطلح موضوعى
مصطلح موضوعي أو اسم جغرافي كعنصر مدخل الزواج
التقسيم الفرعي العام قوانين وتشريعات
التقسيم الفرعي الجغرافي مصر.
مصدر الرأس أو المصطلح BUEsh
650 #7 - المدخل الاضافى بالموضوع-مصطلح موضوعى
مصطلح موضوعي أو اسم جغرافي كعنصر مدخل العلاقات الأسرية
التقسيم الفرعي العام قوانين وتشريعات
التقسيم الفرعي الجغرافي مصر.
مصدر الرأس أو المصطلح BUEsh
650 #7 - المدخل الاضافى بالموضوع-مصطلح موضوعى
مصطلح موضوعي أو اسم جغرافي كعنصر مدخل الأحوال الشخصية (فقه إسلامي)
مصدر الرأس أو المصطلح BUEsh
9 (RLIN) 41147
650 #7 - المدخل الاضافى بالموضوع-مصطلح موضوعى
مصطلح موضوعي أو اسم جغرافي كعنصر مدخل الزواج (فقه إسلامي)
مصدر الرأس أو المصطلح BUEsh
650 #7 - المدخل الاضافى بالموضوع-مصطلح موضوعى
مصطلح موضوعي أو اسم جغرافي كعنصر مدخل الطلاق (فقه إسلامي)
مصدر الرأس أو المصطلح BUEsh
651 ## - المدخل الاضافى بالموضوع - اسم جغرافى
مصدر الرأس أو المصطلح BUEsh
653 ## - مصطلح تكشيفى غير مقيد
Resource For college Law
Arrived date list November2018
-- December2018
655 ## - مصطلح تكشيفى-نوع/شكل
التقسيم الفرعي الشكلي Reading book
942 ## - عناصر المدخل الإضافي( كوها)
مصدر التصنيف او مخطط الترفيف Dewey Decimal Classification
Holdings
حالة التراجع حالة الفقد مصدر التصنيف او خطة الترفيف حالة تلف ليس للاعارة مجموعات كوها المكان الدائم المكان الحالي موقع الترفيف تاريخ الاكتساب Source of acquisition رقم الاستدعاء الباركود Date last seen مُعار تبصرة غير عامة( المفوع للعناصر المفقوده) نوع الوعاء تبصرة عامة
    Dewey Decimal Classification     Baccah Central Library Central Library First floor 19/11/2018 Purchase 346.62015 ب ك ر 000057380 24/09/2025 21/11/2018 Replaced from 000043999 Book - Borrowing المجلد الأول 2025
    Dewey Decimal Classification     Baccah Central Library Central Library First floor 19/11/2018 Purchase 346.62015 ب ك ر 000057379 28/04/2026 20/04/2026 Replaced from 000044000 Book - Borrowing المجلد الثاني 2025
    Dewey Decimal Classification     Baccah Central Library Central Library First floor 19/11/2018 Purchase 346.62015 ب ك ر 000057381 29/04/2026 19/04/2026 Replaced from 000044001 Book - Borrowing المجلد الثالث 2025
    Dewey Decimal Classification     Baccah Central Library Central Library First floor 19/11/2018 Purchase 346.62015 ب ك ر 000057382 14/05/2026 19/04/2026 Replaced from 000044002 Book - Borrowing المجلد الرابع 2025
    Dewey Decimal Classification     Baccah Central Library Central Library First floor 19/11/2018 Purchase 346.62015 ب ك ر 000057383 29/04/2026 19/04/2026 Replaced from 000044003 Book - Borrowing المجلد الخامس 2025
    Dewey Decimal Classification     Baccah Central Library Central Library First floor 19/11/2018 Purchase 346.62015 ب ك ر 000057384 15/07/2025 12/11/2023 Replaced from 000044004 Book - Borrowing المجلد السادس 2025
    Dewey Decimal Classification     Baccah Central Library Central Library First floor 11/12/2018 Purchase 346.62015 ب ك ر 000044058 21/04/2026     Book - Borrowing مج. 1
    Dewey Decimal Classification     Baccah Central Library Central Library First floor 11/12/2018 Purchase 346.62015 ب ك ر 000044059 15/07/2025     Book - Borrowing مج. 2
    Dewey Decimal Classification     Baccah Central Library Central Library First floor 11/12/2018 Purchase 346.62015 ب ك ر 000044060 21/04/2026 19/04/2026   Book - Borrowing مج. 3
    Dewey Decimal Classification     Baccah Central Library Central Library First floor 11/12/2018 Purchase 346.62015 ب ك ر 000044061 28/04/2026 20/04/2026   Book - Borrowing مج. 4
    Dewey Decimal Classification     Baccah Central Library Central Library First floor 11/12/2018 Purchase 346.62015 ب ك ر 000044062 15/07/2025     Book - Borrowing مج. 5
    Dewey Decimal Classification     Baccah Central Library Central Library First floor 11/12/2018 Purchase 346.62015 ب ك ر 000044063 15/07/2025     Book - Borrowing مج. 6